Gaming Quiz

Random Gaming or Video Games Quiz
Score 0/15 Timer 01:30
5 Plays Today
% Correct
Launch Pad
94.9%
Medkit
94.4%
Pistol
94%
Damage Trap
93.8%
Cozy Campfire
93.7%
Shield Potion
93.2%
Boogie Bomb
93%
Chug Jug
93%
% Correct
Grenade Launcher
92.7%
Tactical Shotgun
92.3%
Scoped Assault Rifle
90.4%
Bolt-Action Sniper Rifle
90.3%
Grenade
90.2%
Burst Assault Rifle
89.9%
Assault Rifle
88.2%
Remove Ads.
Support Sporcle.
Get the best of Sporcle when you Go Orange. This ad-free experience offers more features, more stats, and more fun while also helping to support Sporcle. Thank you for becoming a member.

You're not logged in!

Compare scores with friends on all Sporcle quizzes.
OR
Log In

Show Comments

Extras

Top Quizzes Today


Score Distribution

Your Account Isn't Verified!

In order to create a playlist on Sporcle, you need to verify the email address you used during registration. Go to your Sporcle Settings to finish the process.

Report this User

Report this user for behavior that violates our Community Guidelines.

Details: